[Event "HUN-ch Rapid 2019"]
[Site "Ajka"]
[Date "2019.07.20"]
[Round "5.10"]
[White "Laszlo, Janos"]
[Black "Horvath, Adam"]
[Result "0-1"]
[WhiteElo "2209"]
[BlackElo "2517"]
[Annotator "TA"]
[PlyCount "174"]
[EventDate "2019.07.18"]
[EventType "swiss"]
[EventCountry "HUN"]
[SourceTitle "playchess.com"]
[Source "ChessBase"]
[SourceQuality "1"]

{[%evp 15,174,2,2,12,0,0,0,-11,-4,-5,-8,-38,-29,-35,0,0,0,0,0,1,18,0,0,0,0,0,0,0,0,-11,0,0,0,-10,-8,-6,-6,-6,0,0,0,0,0,-10,-10,-10,-9,-10,-10,-10,-10,-49,-49,-102,-102,-102,-102,-102,-102,-150,-150,-150,-150,-150,-150,-150,-150,-150,-150,-150,-150,-150,-150,-403,-403,-403,-403,-929,-403,-604,-595,-603,-579,-579,-579,-579,-403,-403,-403,-403,-403,-403,-403,-389,-132,-132,-132,-132,-132,-403,-403,-635,-635,-569,-556,-556,-388,-403,0,-433,-399,-332,-212,-198,-8,-403,-374,-2045,-1363,-1170,-800,-744,0,-706,0,-23,-128,-10673,-8550,-1258,-6107,-5106,-4118,-4787,-1592,-5281,-4133,-1652,-1309,-29958,-29957,-29957,-29954,-29960,-29959,-29961,-29954,-29960,-29963,-29965,-29966,-29967,-29961,-29956,-29962,-29969,-29971,-29977,-29971,-29969,-12590]} 1. e4 c5 2. c3 Nf6 3. e5 Nd5 4. d4 cxd4 5. Nf3 Nc6 6. cxd4 d6 7. Bc4 dxe5 8. dxe5 Ndb4 9. Qxd8+ {B22: Sicilian: 2 c3} Nxd8 10. Na3 Be6 {And now ...Bxc4 would win.} 11. Bxe6 {The position is equal.} Nxe6 12. Ke2 g6 13. Bd2 $146 ({Predecessor:} 13. Rd1 Bg7 14. Bd2 Nc6 15. Bc3 g5 16. Nb5 a6 {½-½ (55) Khamrakulov,D (2503)-Firouzja,A (2618) chess.com INT 2019}) 13... Nc6 14. Rhd1 O-O-O 15. g3 Bg7 16. Bc3 h6 17. Nc2 Nc7 18. b3 Rxd1 19. Rxd1 Rd8 20. Rxd8+ Kxd8 21. Ne3 Kd7 22. Nc2 Ke6 23. Nfd4+ Nxd4+ 24. Nxd4+ $11 {[%mdl 4096] Endgame KBN-KBN} Kd5 25. f4 Ke4 26. Nf3 e6 27. Nd2+ Kd5 $1 28. Kd3 Bf8 29. Bd4 Na6 {White must now prevent ...Nb4+.} 30. Bc3 Bb4 31. Ne4 Nc5+ 32. Nxc5 Bxc5 {KB-KB} 33. h3 h5 34. g4 ({White should try} 34. Be1 $1 $15) 34... hxg4 $1 $17 35. hxg4 {[#]} g5 $1 {[%mdl 512]} 36. fxg5 Bg1 37. a4 Bh2 38. Ke3 Bxe5 39. Bb4 Bd6 40. Bc3 Bc5+ 41. Kf3 Bd4 42. Bd2 Bb2 43. Be3 a6 44. Bf2 $2 {[#]} (44. Kf4 $17 {only move.}) 44... Bc1 $1 $19 {[%cal Rc1g5]} 45. Ba7 Bxg5 46. Bb8 (46. Bb6 $142 e5 47. Bf2) 46... Bd2 (46... Kd4 $142 47. Bd6 Kd3) 47. Ke2 (47. Ba7 $142 Bg5 48. Bb6) 47... Bb4 48. Kf3 Bd6 49. Ba7 Bc5 50. Bb8 f6 51. Bc7 Be7 52. Bb6 Ba3 53. Bf2 Bb2 54. Be3 Bd4 $2 (54... Bc3 $19 55. Bb6 Bd4) 55. Bd2 $17 e5 56. Be1 Bb2 57. Bf2 $2 {[%mdl 8192]} (57. Bh4 $17 {was worth a try.}) 57... Bc1 $19 58. Bh4 (58. Ba7 $142 e4+ 59. Ke2) 58... Bg5 59. Bf2 e4+ 60. Ke2 Bf4 61. Bh4 Bg5 $2 (61... Ke5 $19 62. Be1 f5 63. Bc3+ Ke6 64. gxf5+ Kxf5) 62. Bg3 $2 {[%mdl 8192]} (62. Bf2 $1 $11) 62... Kd4 63. Be1 Bf4 64. Ba5 e3 $2 (64... Bc1 $19 65. Bd8 Bg5) 65. Bb6+ $2 {[%mdl 8192]} (65. Bd8 $11 {and White stays safe.}) 65... Ke4 66. Bd8 $2 (66. a5 Be5 67. Bxe3) 66... Be5 67. Bb6 Bd4 68. Bc7 Be5 69. Bb6 $1 Bf4 $2 (69... Kf4 $19 70. g5 {[%mdl 64] Decoy} Kxg5 71. Bxe3+ Kg4) 70. Bd8 $1 $11 Bg5 {Strongly threatening ...Kf4.} 71. Bb6 $2 {[%mdl 8192]} (71. Bc7 $17) 71... Kf4 $19 72. Bxe3+ Kxg4 73. Bd4 f5 74. Kf2 Bc1 (74... f4 $142 75. Bc5 Bh4+ 76. Kf1 f3) 75. Be5 Bf4 76. Bf6 Bg3+ 77. Kf1 Kf3 {Black mates.} 78. Be7 Bf2 79. Bd6 Bh4 80. Bc7 Ke3 81. Kg2 f4 82. Kf1 f3 83. Be5 Be7 84. Bc7 Bc5 85. Bg3 Kd3 86. Be1 Bd4 87. b4 {[#]} Bc3 {Accuracy: White = 31%, Black = 69%.} (87... f2 $142 $1 {[%mdl 512]} 88. Bxf2 Bxf2 89. Kxf2 b5 90. Ke1 Kc4 91. Kd2 Kxb4 92. axb5 axb5 93. Ke2 Kc3 94. Ke1 Kc2 95. Ke2 b4 96. Kf3 b3 97. Kg4 Kc3 98. Kf5 Kd4 99. Kg5 b2 100. Kf6 b1=Q 101. Ke6 Qg6+ 102. Kd7 Kd5 103. Kc7 Kc5 104. Kd8 Qf7 105. Kc8 Kc6 106. Kd8 Qf8#) 0-1

[Event "HUN-ch Rapid 2019"]
[Site "Ajka"]
[Date "2019.07.20"]
[Round "5.11"]
[White "Videki, Sandor"]
[Black "Akots, Gabor"]
[Result "1-0"]
[WhiteElo "2401"]
[BlackElo "2238"]
[Annotator "NA"]
[PlyCount "56"]
[EventDate "2019.07.18"]
[EventType "swiss"]
[EventCountry "HUN"]
[SourceTitle "playchess.com"]
[Source "ChessBase"]
[SourceQuality "1"]
[TimeControl "1200+5"]

1. c4 {[%emt 0:00:01]} e5 {[%emt 0:00:07]} 2. Nc3 {[%emt 0:00:03]} Nc6 {[%emt 0:00:07]} 3. g3 {[%emt 0:00:04]} Bc5 {[%emt 0:00:05]} 4. Bg2 {[%emt 0:00:20]} d6 {[%emt 0:00:02]} 5. e3 {[%emt 0:00:29]} a6 {[%emt 0:00:02]} 6. Nge2 {[%emt 0:00:05]} Ba7 {[%emt 0:00:01]} 7. O-O {[%emt 0:01:11]} h5 {[%emt 0:00:01]} 8. d4 {[%emt 0:01:13]} h4 {[%emt 0:01:57]} 9. b4 {[%emt 0:02:54]} hxg3 {[%emt 0:01:47]} 10. fxg3 {[%emt 0:00:23]} Bg4 {[%emt 0:05:41]} 11. c5 {[%emt 0:00:34]} Nf6 {[%emt 0:01:09]} 12. Nd5 {[%emt 0:05:40]} Nxd5 {[%emt 0:04:16]} 13. Bxd5 {[%emt 0:00:02]} f5 {[%emt 0:00:37]} 14. Rf2 {[%emt 0:01:36]} Qd7 {[%emt 0:04:00]} 15. Qb3 {[%emt 0:00:53]} Nd8 {[%emt 0:00:01]} 16. dxe5 {[%emt 0:00:42]} dxc5 {[%emt 0:00:24]} 17. Ba3 {[%emt 0:00:41]} c6 {[%emt 0:00:12]} 18. Bg2 {[%emt 0:00:24]} Qe6 {[%emt 0:00:34]} 19. bxc5 {[%emt 0:00:24]} Qxb3 {[%emt 0:00:20]} 20. axb3 {[%emt 0:00:01]} Ne6 {[%emt 0:00:01]} 21. b4 {[%emt 0:01:38]} Bxe2 {[%emt 0:00:03]} 22. Rxe2 {[%emt 0:00:03]} a5 {[%emt 0:00:00]} 23. Rc1 {[%emt 0:01:13]} axb4 {[%emt 0:00:05]} 24. Bxb4 {[%emt 0:00:01]} O-O {[%emt 0:00:03]} 25. Rd2 {[%emt 0:00:13]} Bb8 {[%emt 0:00:17]} 26. Rd7 {[%emt 0:00:05]} Bxe5 {[%emt 0:00:12]} 27. Rxb7 Ra4 {[%emt 0:00:05]} 28. Bxc6 {[%emt 0:00:09]} Kh7 {[%emt 0:00:04]} 1-0

[Event "HUN-ch Rapid 2019"]
[Site "Ajka"]
[Date "2019.07.20"]
[Round "5.12"]
[White "Sardy, Peter"]
[Black "Farago, Ivan"]
[Result "0-1"]
[WhiteElo "2353"]
[BlackElo "2350"]
[Annotator "NA"]
[PlyCount "64"]
[EventDate "2019.07.18"]
[EventType "swiss"]
[EventCountry "HUN"]
[SourceTitle "playchess.com"]
[Source "ChessBase"]
[SourceQuality "1"]
[TimeControl "1200+5"]

1. Nf3 {[%emt 0:00:06]} Nf6 {[%emt 0:00:03]} 2. c4 {[%emt 0:00:13]} e6 {[%emt 0:00:03]} 3. g3 {[%emt 0:00:03]} d5 {[%emt 0:00:06]} 4. Bg2 {[%emt 0:00:04]} dxc4 {[%emt 0:00:06]} 5. Na3 {[%emt 0:00:38]} Bxa3 {[%emt 0:00:39]} 6. bxa3 {[%emt 0:00:02]} Nc6 {[%emt 0:00:08]} 7. O-O {[%emt 0:00:31]} O-O {[%emt 0:00:03]} 8. Bb2 {[%emt 0:00:11]} Re8 {[%emt 0:00:11]} 9. Rc1 {[%emt 0:01:10]} e5 {[%emt 0:00:05]} 10. Rxc4 {[%emt 0:00:45]} Qd6 {[%emt 0:00:35]} 11. Qc1 {[%emt 0:01:47]} Bd7 {[%emt 0:00:52]} 12. d3 {[%emt 0:02:53]} h6 {[%emt 0:00:11]} 13. Nd2 {[%emt 0:01:37]} Rad8 {[%emt 0:00:46]} 14. Nb3 {[%emt 0:01:12]} Be6 {[%emt 0:00:23]} 15. Rh4 {[%emt 0:00:35]} Bd5 {[%emt 0:00:13]} 16. Nc5 {[%emt 0:03:04]} Bxg2 {[%emt 0:00:28]} 17. Kxg2 {[%emt 0:00:51]} Nd4 {[%emt 0:00:23]} 18. Re1 {[%emt 0:01:13]} b6 {[%emt 0:00:18]} 19. Ne4 {[%emt 0:00:15]} Nxe4 {[%emt 0:00:13]} 20. dxe4 {[%emt 0:00:07]} c5 {[%emt 0:00:35]} 21. f4 {[%emt 0:00:51]} exf4 {[%emt 0:00:30]} 22. Rxf4 {[%emt 0:00:20]} Rxe4 {[%emt 0:00:29]} 23. Rxe4 {[%emt 0:00:46]} Qc6 {[%emt 0:00:01]} 24. Qf4 {[%emt 0:00:11]} Re8 {[%emt 0:00:11]} 25. Bxd4 {[%emt 0:00:14]} Rxe4 {[%emt 0:00:13]} 26. Qf3 {[%emt 0:00:17]} cxd4 {[%emt 0:00:10]} 27. Kf1 {[%emt 0:00:28]} Qe6 {[%emt 0:03:44]} 28. Rd1 {[%emt 0:00:28]} Re3 {[%emt 0:01:00]} 29. Qa8+ {[%emt 0:00:12]} Kh7 {[%emt 0:00:01]} 30. Rxd4 {[%emt 0:00:16]} Rxe2 {[%emt 0:00:22]} 31. Qf3 {[%emt 0:00:07]} Rxh2 {[%emt 0:00:41]} 32. Re4 {[%emt 0:00:43]} Qd5 {[%emt 0:00:52]} 0-1

[Event "HUN-ch Rapid 2019"]
[Site "Ajka"]
[Date "2019.07.20"]
[Round "5.14"]
[White "Finszter, Mate"]
[Black "Popovics, Adam"]
[Result "0-1"]
[WhiteElo "2276"]
[BlackElo "2365"]
[Annotator "NA"]
[PlyCount "108"]
[EventDate "2019.07.18"]
[EventType "swiss"]
[EventCountry "HUN"]
[SourceTitle "playchess.com"]
[Source "ChessBase"]
[SourceQuality "1"]
[TimeControl "1200+5"]

1. Nf3 {[%emt 0:00:03]} g6 {[%emt 0:00:19]} 2. g3 {[%emt 0:00:30]} Bg7 {[%emt 0:00:05]} 3. Bg2 {[%emt 0:00:02]} e5 {[%emt 0:00:03]} 4. O-O {[%emt 0:00:10]} d5 {[%emt 0:00:05]} 5. d3 {[%emt 0:00:15]} Ne7 {[%emt 0:00:08]} 6. c4 {[%emt 0:00:28]} dxc4 {[%emt 0:02:15]} 7. dxc4 {[%emt 0:00:44]} O-O {[%emt 0:00:13]} 8. Nc3 {[%emt 0:00:08]} c6 {[%emt 0:00:33]} 9. Bg5 {[%emt 0:02:44]} f6 {[%emt 0:00:10]} 10. Bd2 {[%emt 0:00:34]} Be6 {[%emt 0:00:28]} 11. b3 {[%emt 0:00:22]} h6 {[%emt 0:01:24]} 12. Qc2 {[%emt 0:00:49]} f5 {[%emt 0:01:48]} 13. Rad1 {[%emt 0:00:46]} Qc7 {[%emt 0:00:17]} 14. Bc1 {[%emt 0:01:19]} Rf7 {[%emt 0:03:19]} 15. Ba3 {[%emt 0:00:53]} Qa5 {[%emt 0:00:15]} 16. Bb2 {[%emt 0:00:15]} Nd7 {[%emt 0:00:11]} 17. Rd6 {[%emt 0:01:07]} Nf8 {[%emt 0:00:02]} 18. Rfd1 {[%emt 0:00:33]} Re8 {[%emt 0:00:14]} 19. Na4 {[%emt 0:00:45]} Nc8 {[%emt 0:00:36]} 20. R6d2 {[%emt 0:00:44]} f4 {[%emt 0:00:44]} 21. gxf4 {[%emt 0:03:28]} exf4 {[%emt 0:00:16]} 22. Nd4 {[%emt 0:00:20]} Bg4 {[%emt 0:01:06]} 23. Nf3 {[%emt 0:01:44]} Qh5 {[%emt 0:01:43]} 24. Rd8 {[%emt 0:00:23]} Rxd8 {[%emt 0:01:00]} 25. Rxd8 {[%emt 0:00:02]} Bxf3 {[%emt 0:00:04]} 26. exf3 {[%emt 0:00:31]} Bxb2 {[%emt 0:01:59]} 27. Qxb2 {[%emt 0:00:20]} Qf5 {[%emt 0:00:20]} 28. Nc3 {[%emt 0:00:15]} Ne7 {[%emt 0:01:49]} 29. Ne4 {[%emt 0:00:12]} Kh7 {[%emt 0:00:21]} 30. Nd6 {[%emt 0:00:25]} Qf6 {[%emt 0:00:01]} 31. Qc1 {[%emt 0:00:34]} g5 {[%emt 0:00:25]} 32. Nxf7 {[%emt 0:00:08]} Qxf7 {[%emt 0:00:02]} 33. Bh3 {[%emt 0:00:12]} Nfg6 {[%emt 0:00:02]} 34. Qc2 {[%emt 0:00:07]} h5 {[%emt 0:00:02]} 35. Rd7 {[%emt 0:00:05]} Kh6 {[%emt 0:00:05]} 36. Qe4 {[%emt 0:00:11]} Qf6 {[%emt 0:00:06]} 37. Qe1 {[%emt 0:00:15]} Ne5 {[%emt 0:00:08]} 38. Qd1 {[%emt 0:00:26]} Nxd7 {[%emt 0:00:01]} 39. Qxd7 {[%emt 0:00:04]} Ng6 {[%emt 0:00:01]} 40. Qd1 {[%emt 0:00:09]} Nh4 {[%emt 0:00:03]} 41. Bg2 {[%emt 0:00:06]} Qe6 {[%emt 0:00:04]} 42. h3 {[%emt 0:00:06]} Kg6 {[%emt 0:00:05]} 43. Qd3+ {[%emt 0:00:02]} Nf5 {[%emt 0:00:06]} 44. Qd2 {[%emt 0:00:07]} Qe5 {[%emt 0:00:02]} 45. Kh2 {[%emt 0:00:08]} Nd4 {[%emt 0:00:06]} 46. Qd3+ {[%emt 0:00:02]} Kh6 {[%emt 0:00:02]} 47. Qd2 {[%emt 0:00:04]} b6 {[%emt 0:00:04]} 48. Qd3 {[%emt 0:00:02]} g4 {[%emt 0:00:08]} 49. hxg4 {[%emt 0:00:11]} hxg4 {[%emt 0:00:01]} 50. Qd1 {[%emt 0:00:10]} Ne2 {[%emt 0:00:14]} 51. fxg4 {[%emt 0:00:08]} f3+ {[%emt 0:00:04]} 52. Kh3 {[%emt 0:00:03]} Nf4+ {[%emt 0:00:03]} 53. Kg3 {[%emt 0:00:04]} fxg2 {[%emt 0:00:03]} 54. Qg1 {[%emt 0:00:04]} Ne2+ 0-1

[Event "HUN-ch Rapid 2019"]
[Site "Ajka"]
[Date "2019.07.20"]
[Round "5.15"]
[White "Dankhazi, Andras"]
[Black "Hardicsay, Peter"]
[Result "1/2-1/2"]
[WhiteElo "2277"]
[BlackElo "2185"]
[Annotator "NA"]
[PlyCount "72"]
[EventDate "2019.07.18"]
[EventType "swiss"]
[EventCountry "HUN"]
[SourceTitle "playchess.com"]
[Source "ChessBase"]
[SourceQuality "1"]
[TimeControl "1200+5"]

1. d4 {[%emt 0:00:03]} Nf6 {[%emt 0:00:08]} 2. c4 {[%emt 0:00:02]} g6 {[%emt 0:00:10]} 3. g3 {[%emt 0:00:04]} d5 {[%emt 0:01:32]} 4. cxd5 {[%emt 0:00:06]} c6 {[%emt 0:01:20]} 5. Bg2 {[%emt 0:04:20]} cxd5 6. Nc3 Bg7 {[%emt 0:00:57]} 7. Nf3 {[%emt 0:00:13]} O-O {[%emt 0:00:33]} 8. Ne5 {[%emt 0:00:09]} Nc6 {[%emt 0:00:38]} 9. Nxc6 {[%emt 0:00:07]} bxc6 {[%emt 0:00:02]} 10. O-O {[%emt 0:00:11]} e5 {[%emt 0:01:40]} 11. dxe5 {[%emt 0:00:47]} Ng4 {[%emt 0:00:06]} 12. Na4 {[%emt 0:02:39]} Nxe5 {[%emt 0:00:22]} 13. Be3 {[%emt 0:00:37]} Re8 {[%emt 0:01:03]} 14. Bd4 {[%emt 0:00:12]} Bf5 {[%emt 0:01:29]} 15. Nc5 {[%emt 0:02:49]} Qe7 {[%emt 0:03:26]} 16. b3 {[%emt 0:02:18]} h5 {[%emt 0:00:35]} 17. Qd2 {[%emt 0:00:55]} Rad8 {[%emt 0:01:00]} 18. Rac1 {[%emt 0:01:00]} Kh7 {[%emt 0:03:05]} 19. Qb2 {[%emt 0:00:45]} f6 {[%emt 0:00:09]} 20. Rfe1 {[%emt 0:00:42]} Qf7 {[%emt 0:00:42]} 21. Rcd1 {[%emt 0:00:12]} Rb8 {[%emt 0:00:32]} 22. Qc3 {[%emt 0:00:13]} Rbc8 {[%emt 0:00:22]} 23. e4 {[%emt 0:00:26]} dxe4 {[%emt 0:00:11]} 24. Nxe4 {[%emt 0:00:05]} Bxe4 {[%emt 0:00:14]} 25. Bxe4 {[%emt 0:00:20]} c5 {[%emt 0:00:19]} 26. Bxe5 {[%emt 0:01:13]} Rxe5 {[%emt 0:00:02]} 27. Bd3 {[%emt 0:00:10]} Rce8 {[%emt 0:00:17]} 28. Bc4 {[%emt 0:00:26]} Rxe1+ 29. Rxe1 Rxe1+ {[%emt 0:00:13]} 30. Qxe1 {[%emt 0:00:01]} Qd7 {[%emt 0:00:03]} 31. Qe4 {[%emt 0:00:18]} f5 {[%emt 0:00:04]} 32. Qa8 {[%emt 0:00:02]} Kh6 {[%emt 0:00:07]} 33. Kg2 {[%emt 0:00:44]} Qe7 {[%emt 0:00:05]} 34. h4 {[%emt 0:00:08]} f4 {[%emt 0:00:07]} 35. Qf3 {[%emt 0:00:16]} fxg3 {[%emt 0:00:03]} 36. fxg3 {[%emt 0:00:01]} Qe5 {[%emt 0:00:08]} 1/2-1/2

[Event "HUN-ch Rapid 2019"]
[Site "Ajka"]
[Date "2019.07.20"]
[Round "5.16"]
[White "Varga, Peter"]
[Black "Borhy, Marcell"]
[Result "1/2-1/2"]
[WhiteElo "2367"]
[BlackElo "2382"]
[Annotator "TA"]
[PlyCount "39"]
[EventDate "2019.07.18"]
[EventType "swiss"]
[EventCountry "HUN"]
[SourceTitle "playchess.com"]
[Source "ChessBase"]
[SourceQuality "1"]

{[%evp 17,39,-16,-14,-16,-9,-9,-9,-37,-30,-58,-53,-59,-62,-54,-8,-12,-3,-25,-20,-23,-19,-10,-14,-33]} 1. Nf3 d6 2. g3 e5 3. d3 Nf6 4. c4 c6 5. Bg2 Be7 6. O-O O-O 7. Nc3 h6 8. Rb1 Be6 9. b4 Nbd7 10. b5 {A22: English Opening: 1...e5 2 Nc3 Nf6} d5 11. bxc6 bxc6 12. Nd2 Qa5 13. Qc2 $146 ({Predecessor:} 13. Bb2 Rab8 14. Qa4 Qxa4 15. Nxa4 Rb4 16. Nc3 Rfb8 17. Ba1 Rxb1 18. Rxb1 Rxb1+ 19. Ncxb1 {1-0 (31) Zavgorodniy,S (2420)-Jirovsky,M (2448) Skopje 2018}) 13... Rab8 14. Rb3 Qa6 15. Ncb1 Rb6 16. Ba3 $1 {[%cal Ra3e7]} Rxb3 17. Bxe7 Rbb8 {White must now prevent ...Rfe8.} 18. Bxf8 Kxf8 19. cxd5 cxd5 20. Rc1 1/2-1/2

[Event "HUN-ch Rapid 2019"]
[Site "Ajka"]
[Date "2019.07.20"]
[Round "5.17"]
[White "Erseki, Tamara"]
[Black "Csiszar, Csaba"]
[Result "1/2-1/2"]
[WhiteElo "2053"]
[BlackElo "2432"]
[Annotator "TA"]
[PlyCount "122"]
[EventDate "2019.07.18"]
[EventType "swiss"]
[EventCountry "HUN"]
[SourceTitle "playchess.com"]
[Source "ChessBase"]
[SourceQuality "1"]

{[%evp 16,122,37,20,77,43,50,0,9,-3,65,-42,-40,-434,-434,-436,-352,-358,-344,-350,-318,-289,-252,-243,-220,-311,-318,-299,-306,-306,-239,-245,-212,-262,-241,-239,-246,-481,-468,-465,-465,-460,39,38,29,34,111,113,114,123,210,16,16,-244,-211,-219,-224,-254,-25,-25,-28,-46,-5,-5,0,0,0,0,0,0,0,0,0,0,0,0,0,0,0,0,0,0,0,0,0,0,0,-4,-5,-7,-8,-40,-7,-14,-8,-88,-12,-57,-75,-693,-98,-1200,-1006,-29988,-29980,-29992,-29993,-29993,-29994]} 1. e4 c5 2. Nf3 Nc6 3. d4 cxd4 4. Nxd4 e5 5. Nb5 d6 6. N1c3 a6 7. Na3 b5 8. Nd5 Nge7 9. Bg5 f6 {B32: Sicilian: Löwenthal and Kalashnikov Variations} (9... Nd4 $11 {remains equal.}) (9... h6 10. Bxb5 axb5 11. Nxb5 f6 12. Nxf6+ gxf6 13. Nxd6+ Qxd6 14. Qxd6 hxg5 15. Qxf6 Rh6 16. Qxg5 Rg6 17. Qd2 Rxg2 18. c3 Bg4 19. Qg5 {½-½ (40) Mozharov,M (2552)-Popov,I (2650) Voronezh 2014}) 10. Be3 {And now Bb6 would win.} Nxd5 11. Qxd5 Bb7 {The position is equal.} 12. Be2 Qa5+ $146 (12... Qd7 $11 13. Qb3 d5) ({Predecessor:} 12... Na5 13. Qe6+ Qe7 14. Qxe7+ Bxe7 15. f3 d5 16. exd5 Bxd5 17. Kf2 {0-1 (49) Ayushh,R (1780)-Phadke,S (2189) Mumbai 2018}) 13. Bd2 (13. c3 $1 $14) 13... Qc7 $15 {Hoping for ...Nd4.} 14. O-O $2 {[%mdl 8192]} (14. Qe6+ $15 Be7 15. c3) 14... Nd4 $19 {[%mdl 64] Double Attack} 15. Nxb5 axb5 16. Bxb5+ Ke7 17. Qc4 Qxc4 18. Bxc4 Bxe4 19. c3 Ne6 20. f3 (20. b4 {was called for.}) 20... Bc6 21. b4 d5 22. Bb3 Kd7 23. a4 Be7 24. b5 Bb7 25. a5 {intending a6.} Rhb8 26. a6 $2 (26. Bc2) 26... Bc5+ 27. Kh1 {[#]} Bxa6 $1 {[%mdl 576] Pin} 28. Bxd5 (28. Rxa6 Rxa6) 28... Bb7 $2 (28... Bxb5 $19 29. Rxa8 Rxa8) 29. Bxb7 $14 Rxa1 {[%cal Ra1f1]} 30. Bc6+ Kc7 (30... Ke7 $14 31. Rxa1 Nd8) 31. Rxa1 $16 Nd8 32. Ra6 Bb6 (32... Bf2 $16) 33. Be8 $2 (33. Bd5 $18) 33... Nb7 $1 $11 34. Bc6 $2 {[%mdl 8192]} (34. Bf7 $11) 34... Rd8 $1 $19 35. Ra2 {[#]} Na5 $1 36. g3 {[#]} Nxc6 $2 (36... Nb3 $1 $19 37. Bg5 (37. Be1 $2 Rd1 $19) 37... fxg5) 37. bxc6 $11 Kxc6 $19 {[%mdl 4096] Endgame KRB-KRB} 38. Kg2 f5 39. Kf1 Bc5 40. Ke2 Kb5 41. Rb2+ Kc6 42. Be3 Rd7 43. Rb8 {aiming for Rc8+.} Bd6 44. Rb6+ Kd5 45. Kd3 e4+ 46. fxe4+ fxe4+ 47. Ke2 Be5 48. Rb5+ Ke6 49. c4 Rd3 50. Rb6+ Kf5 51. c5 Rc3 52. Kd2 Rc4 53. Rb7 Ke6 54. Bf4 Bd4 55. Bd6 (55. Be3 $11 {keeps the balance.}) 55... h5 ({Of course not} 55... Bxc5 $6 56. Bxc5 Rxc5 57. Rxg7 $11) (55... Kd5 $17 {Threatens to win with ...Ra4.} 56. h4 Ra4) 56. Re7+ Kd5 57. Rf7 $2 {[%mdl 8192]} (57. h3 $17) 57... g6 $2 (57... e3+ $19 {has better winning chances.} 58. Kd1 Ke4) 58. Rf4 $2 {[%mdl 8192]} (58. Bf4 $17) 58... Ra4 59. h3 Ra2+ {Black mates.} 60. Ke1 Bc3+ 61. Kf1 e3 {[%mdl 32768] Accuracy: White = 30%, Black = 52%. . An unexpected result.} 1/2-1/2

[Event "HUN-ch Rapid 2019"]
[Site "Ajka"]
[Date "2019.07.20"]
[Round "5.18"]
[White "Horvath, Tamas"]
[Black "Gaal, Zsoka"]
[Result "1-0"]
[WhiteElo "2306"]
[BlackElo "2047"]
[Annotator "NA"]
[PlyCount "81"]
[EventDate "2019.07.18"]
[EventType "swiss"]
[EventCountry "HUN"]
[SourceTitle "playchess.com"]
[Source "ChessBase"]
[SourceQuality "1"]
[TimeControl "1200+5"]

1. e4 {[%emt 0:00:05]} c5 {[%emt 0:00:02]} 2. Nf3 {[%emt 0:00:05]} e6 {[%emt 0:00:02]} 3. d3 {[%emt 0:00:09]} d5 {[%emt 0:00:38]} 4. Nbd2 {[%emt 0:00:37]} Nc6 {[%emt 0:00:10]} 5. g3 {[%emt 0:00:04]} Bd6 {[%emt 0:01:18]} 6. Bg2 {[%emt 0:00:10]} Nge7 {[%emt 0:00:07]} 7. O-O {[%emt 0:00:06]} O-O {[%emt 0:00:06]} 8. Qe2 {[%emt 0:00:25]} b5 {[%emt 0:01:49]} 9. Re1 {[%emt 0:01:05]} Bb7 {[%emt 0:00:19]} 10. h4 {[%emt 0:00:46]} c4 {[%emt 0:02:46]} 11. e5 {[%emt 0:03:12]} Bc5 {[%emt 0:00:22]} 12. c3 {[%emt 0:00:45]} Nf5 {[%emt 0:02:03]} 13. d4 {[%emt 0:00:17]} Be7 {[%emt 0:01:00]} 14. Nf1 {[%emt 0:01:01]} b4 {[%emt 0:00:18]} 15. Bg5 {[%emt 0:01:46]} a5 {[%emt 0:01:04]} 16. Bh3 {[%emt 0:00:21]} Bxg5 {[%emt 0:00:37]} 17. hxg5 {[%emt 0:01:01]} Nfe7 {[%emt 0:00:13]} 18. Ne3 {[%emt 0:00:15]} a4 {[%emt 0:00:22]} 19. a3 {[%emt 0:00:04]} bxc3 {[%emt 0:00:22]} 20. bxc3 {[%emt 0:00:02]} Na5 {[%emt 0:00:12]} 21. Kg2 {[%emt 0:00:54]} Nb3 {[%emt 0:00:59]} 22. Ra2 {[%emt 0:00:03]} Ng6 {[%emt 0:00:31]} 23. Rh1 {[%emt 0:00:09]} Qe7 {[%emt 0:00:50]} 24. Ng4 {[%emt 0:00:15]} Rfb8 {[%emt 0:00:14]} 25. Qe3 {[%emt 0:00:03]} Kf8 {[%emt 0:00:34]} 26. Nf6 {[%emt 0:01:22]} gxf6 {[%emt 0:00:25]} 27. gxf6 {[%emt 0:00:02]} Qc7 {[%emt 0:00:08]} 28. Qh6+ {[%emt 0:00:03]} Ke8 {[%emt 0:00:01]} 29. Qxh7 {[%emt 0:00:02]} Nf8 {[%emt 0:01:15]} 30. Qg8 {[%emt 0:00:08]} Kd7 {[%emt 0:01:08]} 31. Qxf7+ {[%emt 0:01:06]} Kc6 {[%emt 0:00:04]} 32. Bxe6 {[%emt 0:01:11]} Qxf7 {[%emt 0:00:24]} 33. Bxf7 {[%emt 0:00:02]} Kd7 {[%emt 0:00:53]} 34. Ng5 {[%emt 0:00:19]} Ra6 {[%emt 0:00:07]} 35. Re1 {[%emt 0:00:25]} Ne6 {[%emt 0:00:43]} 36. Nxe6 {[%emt 0:00:38]} Rxe6 {[%emt 0:00:03]} 37. Bxe6+ {[%emt 0:00:31]} Kxe6 {[%emt 0:00:01]} 38. Rh1 {[%emt 0:00:06]} Bc6 {[%emt 0:00:22]} 39. Rh7 {[%emt 0:00:09]} Nc1 {[%emt 0:00:22]} 40. g4 {[%emt 0:00:48]} Nxa2 {[%emt 0:00:08]} 41. Re7# 1-0

[Event "HUN-ch Rapid 2019"]
[Site "Ajka"]
[Date "2019.07.20"]
[Round "5.19"]
[White "Juhasz, Barbara"]
[Black "Prohaszka, Peter"]
[Result "0-1"]
[WhiteElo "2171"]
[BlackElo "2598"]
[Annotator "ChessBase"]
[PlyCount "54"]
[EventDate "2019.07.18"]
[EventType "swiss"]
[EventCountry "HUN"]
[SourceTitle "playchess.com"]
[Source "ChessBase"]
[SourceQuality "1"]
[TimeControl "1200+5"]

1. e4 {[%emt 0:00:05]} c6 {[%emt 0:00:01]} 2. d4 {[%emt 0:00:04]} d5 {[%emt 0:00:01]} 3. Nd2 {[%emt 0:00:06]} dxe4 {[%emt 0:00:29]} 4. Nxe4 {[%emt 0:00:03]} Nf6 {[%emt 0:00:20]} 5. Nxf6+ {[%emt 0:00:02]} exf6 {[%emt 0:00:01]} 6. c3 {[%emt 0:00:04]} Bf5 {[%emt 0:00:20]} 7. Ne2 {[%emt 0:00:03]} Bd6 {[%emt 0:00:06]} 8. Ng3 {[%emt 0:00:02]} Qe7+ {[%emt 0:00:28]} 9. Be3 {[%emt 0:02:48]} Be6 {[%emt 0:00:16]} 10. Bd3 {[%emt 0:00:25]} g6 {[%emt 0:00:11]} 11. Ne4 {[%emt 0:02:34]} Bc7 {[%emt 0:01:27]} 12. O-O {[%emt 0:02:57]} Nd7 {[%emt 0:00:02]} 13. Re1 {[%emt 0:00:19]} O-O {[%emt 0:01:01]} 14. Bh6 {[%emt 0:05:51]} Rfe8 {[%emt 0:00:03]} 15. Ng3 {[%emt 0:00:07]} f5 {[%emt 0:02:55]} 16. Qd2 {[%emt 0:00:08]} Qd6 {[%emt 0:02:26]} 17. b3 {[%emt 0:02:24]} Nf6 {[%emt 0:04:01]} 18. Bg5 {[%emt 0:00:16]} Bd7 {[%emt 0:01:01]} 19. f3 {[%emt 0:01:48]} a5 {[%emt 0:01:29]} 20. Nf1 {[%emt 0:00:25]} Nd5 {[%emt 0:00:48]} 21. Rad1 {[%emt 0:00:12]} a4 {[%emt 0:00:26]} 22. Rxe8+ {[%emt 0:00:16]} Rxe8 {[%emt 0:00:04]} 23. bxa4 {[%emt 0:00:15]} Ba5 {[%emt 0:00:13]} 24. Rc1 {[%emt 0:00:17]} Qa3 {[%emt 0:00:40]} 25. Bc4 {[%emt 0:00:18]} Nxc3 {[%emt 0:01:25]} 26. Qc2 {[%emt 0:00:09]} Qxa4 {[%emt 0:00:29]} 27. Qb2 {[%emt 0:00:09]} Qxc4 {[%emt 0:00:05]} 0-1